Zahraniční politika Ázerbajdžánu v letech 1991-2004
Pohľad na osamostatnenie Azerbajdžanu v roku 1991. Definovanie zahraničnopolitických cieľov.
Salvato in:
| Autore principale: | |
|---|---|
| Altri autori: | |
| Natura: | Capitolo di libro |
| Lingua: | ceco |
| Soggetti: | |
| Tags: |
Nessun Tag, puoi essere il primo ad aggiungerne!!
|
MARC
| LEADER | 00000nla a2200000 4500 | ||
|---|---|---|---|
| 001 | 0185383 | ||
| 005 | 20220718134856.5 | ||
| 041 | 0 | |a cze | |
| 044 | |a SK | ||
| 245 | 1 | 0 | |a Zahraniční politika Ázerbajdžánu v letech 1991-2004 |c Emil Souleimanov, Josef Kraus |
| 520 | |a Pohľad na osamostatnenie Azerbajdžanu v roku 1991. Definovanie zahraničnopolitických cieľov. | ||
| 610 | 2 | 0 | |a politika medzinárodná |
| 610 | 2 | 0 | |a Azerbajdžan |
| 610 | 2 | 0 | |a konflikty etnické |
| 610 | 2 | 0 | |a konflikty medzinárodné |
| 100 | 1 | |a Souleimanov, Emil | |
| 700 | 1 | |a Kraus, Josef | |